00325nam a2200109Ia 4500008004100000082000800041100002300049245002400072942000600096952009800102999001500200240331s9999 xx 000 0 und d bBHA aBhattacharya,R. ed 0aBehind closed doors cL 001040708LaWERCLbWERCLcSSCd2024-03-31l0o 362.82 BHAp6259r2024-03-31w2024-03-31yL c4549d4549